| 000 | 00373nam a2200157Ia 4500 | ||
|---|---|---|---|
| 100 | _aTheraja/B.L | ||
| 650 | _aElectrical Engineering | ||
| 942 | _cBK | ||
| 654 | _aElectrical | ||
| 245 | _aElectrical engineering & Electronics | ||
| 260 |
_bNirja construction and devpt _aBombay _c1991 |
||
| 082 |
_a621.381 _bTHE |
||
| 300 | _a880 | ||
| 546 | _aENGLISH | ||
| 999 |
_c27441 _d27441 |
||